000 00409nam a2200157 i 4500
001 61719
003 ES-MaACL
005 20230906164528.0
007 t|
008 031113s1962 sp ||||1| spa d
100 1 _aFarias, Juan.
_948853
245 1 0 _aPuente de caƱamo /
_cJuan Farias.
260 _aBarcelona :
_bSeix Barral,
_c[1962]
300 _a229 p. ;
_c21 cm.
852 _aES-MaACL
_jC-23010
_bR.51711
999 _c61719
_d61719